|
|
|
|
| LEADER |
00000nam a2200000 a 4500 |
| 001 |
vtls008388981 |
| 003 |
SK-MaSNL |
| 005 |
20260301123532.0 |
| 008 |
251124s1933 xr slo |
| 015 |
|
|
|a SKSNBA19191938-008455
|
| 035 |
|
|
|a SK01SNKBSKHR20010081198
|
| 035 |
|
|
|a SKM000083661
|
| 040 |
|
|
|a SNK
|b slo
|c SNK
|e AACR2
|
| 041 |
1 |
|
|a slo
|a cze
|
| 044 |
|
|
|a xr
|
| 080 |
|
|
|a 93
|2 1981
|
| 100 |
1 |
|
|a Osuský, Štefan,
|d 1889-1973
|4 aut
|9 216111
|
| 245 |
1 |
0 |
|a Malá dohoda
|c Štefan Osuský
|
| 260 |
|
|
|a Praha
|b Politický klub čsl. národní demokracie
|c 1933
|e Praha
|f Josef Kobosil
|
| 300 |
|
|
|a 41, [5] s.
|c 8°
|
| 490 |
0 |
|
|a Bílé knihy
|v zv. 7
|
| 500 |
|
|
|a Zmnož. tit. list
|
| 500 |
|
|
|a Prvú časť do češtiny prel. Dr. Josef Folprecht. Graf. úpr. J.R. Marek
|
| 504 |
|
|
|a Zoznam kníh edície
|
| 650 |
0 |
7 |
|a prvá svetová vojna (1914-1918)
|2 SNK
|9 162650
|
| 655 |
|
7 |
|a knihy
|2 SNKPH
|9 307098
|
| 700 |
1 |
|
|a Folprecht, Josef
|4 trl
|9 457073
|
| 700 |
1 |
|
|a Marek, J. R.
|4 art
|9 470625
|
| 830 |
|
0 |
|a Bílé knihy
|9 470626
|
| 852 |
|
|
|a Slovenská národná knižnica v Martine
|b 10000
|h MS SD 3449
|
| 852 |
|
|
|a Univerzitná knižnica v Bratislave
|b 300000
|h SF 4066
|
| 958 |
|
|
|a RK
|
| 958 |
|
|
|a TL
|
| 999 |
|
|
|c 736587
|d 738517
|
| 952 |
|
|
|a SNK
|b SNK
|y VYP
|7 0
|p 17A0504028
|o snkSD 3449 D1
|i snkK 2088/73
|8 3
|3 Poškodená väzba a natrhnuté listy
|0 0
|1 0
|4 0
|d 2006-04-06
|l 0
|r 2026-02-23 22:46:35
|w 2026-02-23
|